MARC details
| 001 - CONTROL NUMBER |
| control field |
23885672 |
| 003 - CONTROL NUMBER IDENTIFIER |
| control field |
0000 |
| 005 - DATE AND TIME OF LATEST TRANSACTION |
| control field |
20251016110019.0 |
| 007 - PHYSICAL DESCRIPTION FIXED FIELD--GENERAL INFORMATION |
| fixed length control field |
t| |
| 008 - FIXED-LENGTH DATA ELEMENTS--GENERAL INFORMATION |
| fixed length control field |
241003s2024 enka b 000 0 eng c |
| 010 ## - LIBRARY OF CONGRESS CONTROL NUMBER |
| LC control number |
2024046915 |
| 020 ## - INTERNATIONAL STANDARD BOOK NUMBER |
| International Standard Book Number |
9781009507158 |
| 040 ## - CATALOGING SOURCE |
| Original cataloging agency |
DNLM/DLC |
| Language of cataloging |
eng |
| Description conventions |
rda |
| Transcribing agency |
DLC |
| Modifying agency |
DLC |
| -- |
DLC-MRC |
| -- |
DLC |
| 042 ## - AUTHENTICATION CODE |
| Authentication code |
pcc |
| 050 00 - LIBRARY OF CONGRESS CALL NUMBER |
| Classification number |
RG 580 .D5 R93 |
| 060 00 - NATIONAL LIBRARY OF MEDICINE CALL NUMBER |
| Classification number |
WQ 248 |
| 082 00 - DEWEY DECIMAL CLASSIFICATION NUMBER |
| Classification number |
618.3/646 |
| Edition number |
23/eng/20241227 |
| 100 1# - MAIN ENTRY--PERSONAL NAME |
| Personal name |
Ryan, Lee Wai Kheong |
| Relator term |
author |
| Relator code |
aut |
| -- |
http://id.loc.gov/vocabulary/relators/aut |
| Authority record control number |
http://id.loc.gov/authorities/names/n2024185034 |
| 245 10 - TITLE STATEMENT |
| Title |
Diabetes in pregnancy / |
| Statement of responsibility, etc |
Lee Wai Kheong Ryan, Lim Weiying, Ann Margaret Wright, Lay-Kok Tan. |
| 264 #1 - PUBLICATION, DISTRIBUTION, ETC. (IMPRINT) |
| Place of publication, distribution, etc |
Cambridge, United Kingdom ; |
| -- |
New York, NY : |
| Name of publisher, distributor, etc |
Cambridge University Press, |
| Date of publication, distribution, etc |
2024. |
| 300 ## - PHYSICAL DESCRIPTION |
| Extent |
59 pages |
| Other physical details |
illustrations |
| Dimensions |
23 cm. |
| 336 ## - CONTENT TYPE |
| Content type term |
text |
| Content type code |
txt |
| Source |
rdacontent |
| 337 ## - MEDIA TYPE |
| Media type term |
unmediated |
| Media type code |
n |
| Source |
rdamedia |
| 338 ## - CARRIER TYPE |
| Carrier type term |
volume |
| Carrier type code |
nc |
| Source |
rdacarrier |
| 340 ## - PHYSICAL MEDIUM |
| Authority record control number or standard number |
http://id.loc.gov/vocabulary/millus/ill |
| 490 1# - SERIES STATEMENT |
| Series statement |
Elements in high risk pregnancy, |
| International Standard Serial Number |
2976-8322 |
| 500 ## - GENERAL NOTE |
| General note |
Includes bibliographical references. |
| 504 ## - BIBLIOGRAPHY, ETC. NOTE |
| Bibliography, etc |
Includes bibliographical references. |
| 505 0# - FORMATTED CONTENTS NOTE |
| Formatted contents note |
Epidemiology -- Pathophysiology -- Classification of diabetes in pregnancy -- Maternal, fetal, and neonatal risks of diabetes in pregnancy -- Management options for diabetes in pregnancy. |
| 520 ## - SUMMARY, ETC. |
| Summary, etc |
"Diabetes mellitus is one of the most common and important medical complications affecting pregnancy and resolves once the pregnancy has ended. However, about 3 per cent of women with a diagnosis of gestational diabetes mellitus have type 2 diabetes diagnosed for the first time in pregnancy and therefore it persists after the pregnancy is over"-- Provided by publisher. |
| 650 #2 - SUBJECT ADDED ENTRY--TOPICAL TERM |
| Topical term or geographic name as entry element |
Pregnancy in Diabetics |
| 650 #2 - SUBJECT ADDED ENTRY--TOPICAL TERM |
| Topical term or geographic name as entry element |
Diabetes, Gestational |
| 700 1# - ADDED ENTRY--PERSONAL NAME |
| Personal name |
Lim, Weiying |
| Relator term |
author |
| Relator code |
http://id.loc.gov/vocabulary/relators/aut |
| Authority record control number |
http://id.loc.gov/authorities/names/n2024185035 |
| 700 1# - ADDED ENTRY--PERSONAL NAME |
| Personal name |
Wright, Ann Margaret |
| Relator term |
author |
| Relator code |
http://id.loc.gov/vocabulary/relators/aut |
| Authority record control number |
http://id.loc.gov/authorities/names/n2024185036 |
| 700 1# - ADDED ENTRY--PERSONAL NAME |
| Personal name |
Tan, Lay-Kok |
| Relator term |
author |
| Relator code |
http://id.loc.gov/vocabulary/relators/aut |
| Authority record control number |
http://id.loc.gov/authorities/names/n2024185037 |
| 830 #0 - SERIES ADDED ENTRY--UNIFORM TITLE |
| Uniform title |
Elements in high risk pregnancy |
| 906 ## - LOCAL DATA ELEMENT F, LDF (RLIN) |
| a |
7 |
| b |
cbc |
| c |
orignew |
| d |
1 |
| e |
ecip |
| f |
20 |
| g |
y-gencatlg |
| 942 ## - ADDED ENTRY ELEMENTS (KOHA) |
| Source of classification or shelving scheme |
Library of Congress Classification |
| Koha item type |
Books |